| 000 | 01062nam a2200205 a 4500 | ||
|---|---|---|---|
| 008 | 120416s1989 ||||||||||||||||| || u | ||
| 020 | _a0521408059 | ||
| 050 | _aQC 174.8 Itz | ||
| 100 | _aItzykson, Claude | ||
| 245 | 1 | 0 | _aStatistical field theory |
| 260 |
_aCambridge _bThe University Press _c1989 |
||
| 300 | _a2vs. | ||
| 350 | _a0.00 | ||
| 650 | 3 | _aP0PULATION STATISTICS | |
| 650 | 0 | _aSTATISTICAL PHYSICS | |
| 995 |
_aMAIN LIBRARY OPEN ACCESS _D0.00 _e728095 _FCBU-MAIN LIBRARY (Kitwe) _H2 _I14.95 _jQC 174.8 Itz _M2 _UAVAILABLE _y026363 _ZMain Library Open Access Collection |
||
| 995 |
_aMAIN LIBRARY OPEN ACCESS _D0.00 _e728094 _FCBU-MAIN LIBRARY (Kitwe) _H1 _I14.95 _jQC 174.8 Itz _M1 _UAVAILABLE _y026364 _ZMain Library Open Access Collection |
||
| 995 |
_aANNEX COLLECTION (Main Library) _D0.00 _e728096 _FCBU-MAIN LIBRARY (Kitwe) _H3 _I14.95 _jQC 174.8 Itz _M3 _UAVAILABLE _y026188 _ZAnnex Low-Usage Collection |
||
| 995 |
_aANNEX COLLECTION (Main Library) _D0.00 _e729010 _FCBU-MAIN LIBRARY (Kitwe) _H4 _I14.95 _jQC 174.8 Itz _M4 _UAVAILABLE _y021017 _ZAnnex Low-Usage Collection |
||
| 999 |
_c76769 _d76769 |
||